000 00513nam a2200169Ia 4500
003 GCL
008 140319s9999 xx 000 0 ara d
040 _aGCL /
_cGCL
082 0 4 _aد
_b050
_bد هـ
245 1 0 _aالهلال نوفمبر 2001 : افغانستان
260 _aالقاهرة :
_bدار الهلال للطباعة والنشر ،
_c2001
650 0 4 _aالمقالات العربية
650 0 4 _aافغانستان
650 0 4 _aالارهاب
650 0 4 _aالاعلام
942 _2ddc
_cCR
999 _c6679
_d6679